| 000 -LEADER | |
|---|---|
| fixed length control field | 00383nam a22001577a 4500 |
| 005 - DATE AND TIME OF LATEST TRANSACTION | |
| control field | 20210906113104.0 |
| 008 - FIXED-LENGTH DATA ELEMENTS--GENERAL INFORMATION | |
| fixed length control field | 160427b xxu||||| |||| 00| 0 eng d |
| 020 ## - INTERNATIONAL STANDARD BOOK NUMBER | |
| ISBN | 978-0-07-059374-9 |
| 041 ## - LANGUAGE CODE | |
| Language code of text/sound track or separate title | eng |
| 082 ## - DEWEY DECIMAL CLASSIFICATION NUMBER | |
| Item number | 00311 |
| Classification number | 004 |
| 100 ## - MAIN ENTRY--AUTHOR NAME | |
| Personal name | Norton, Peter |
| 245 ## - TITLE STATEMENT | |
| Title | Introduction to Computers |
| 260 ## - PUBLICATION, DISTRIBUTION, ETC. (IMPRINT) | |
| Place of publication | New Delhi |
| Name of publisher | Tata MC Graw Hill, |
| Year of publication | 2009 |
| 300 ## - PHYSICAL DESCRIPTION | |
| Number of Pages | 609 |
| 942 ## - ADDED ENTRY ELEMENTS (KOHA) | |
| Koha item type | Books |
| Lost status | Damaged status | Collection code | Home library | Current library | Shelving location | Date acquired | Source of acquisition | Cost, normal purchase price | Full call number | Accession Number | Koha item type |
|---|---|---|---|---|---|---|---|---|---|---|---|
| CS/IT | JRU Library | JRU Library | SHELF-48-B | 27/04/2016 | PURCHASE | 350.00 | 004 | 00311 | Books | ||
| CS/IT | JRU Library | JRU Library | SHELF-48-B | 27/04/2016 | PURCHASE | 350.00 | 004 | 00312 | Books | ||
| CS/IT | JRU Library | JRU Library | SHELF-48-B | 27/04/2016 | PURCHASE | 350.00 | 004 | 00313 | Books | ||
| PHARMACY | JRU Library | JRU Library | SHELF-48-B | 27/04/2016 | PURCHASE | 350.00 | 004 | 00314 | Books | ||
| CS/IT | JRU Library | JRU Library | SHELF-74-J | 27/04/2016 | 350.00 | 00311 | 00315 | Books | |||
| CS/IT | JRU Library | JRU Library | SHELF-48-B | 27/04/2016 | PURCHASE | 350.00 | 004 | 00316 | Books | ||
| JRU Library | SHELF-1-A | 27/04/2016 | 350.00 | 00311 | 00317 | Books | |||||
| CS/IT | JRU Library | JRU Library | SHELF-48-B | 27/04/2016 | PURCHASE | 350.00 | 004 | 00318 | Books | ||
| CS/IT | JRU Library | JRU Library | SHELF-48-B | 27/04/2016 | PURCHASE | 350.00 | 004 | 00319 | Books | ||
| CS/IT | JRU Library | JRU Library | SHELF-48-B | 27/04/2016 | PURCHASE | 350.00 | 004 | 00320 | Books |